The Declaration of Independence / (Record no. 5191)

MARC details
000 -LEADER
fixed length control field 00985nam a22002897a 4500
001 - CONTROL NUMBER
control field 5191
003 - CONTROL NUMBER IDENTIFIER
control field FISKH
005 - DATE AND TIME OF LATEST TRANSACTION
control field 20250422162423.0
008 - FIXED-LENGTH DATA ELEMENTS--GENERAL INFORMATION
fixed length control field 241118b cb ||||| |||| 00| 0 eng d
020 ## - INTERNATIONAL STANDARD BOOK NUMBER
International Standard Book Number 9780516466934
040 ## - CATALOGING SOURCE
Original cataloging agency FISKH
Language of cataloging eng
Transcribing agency FISKH
Modifying agency FISKH
050 ## - LIBRARY OF CONGRESS CALL NUMBER
Classification number E221.S74
082 ## - DEWEY DECIMAL CLASSIFICATION NUMBER
Classification number 973.313
100 ## - MAIN ENTRY--PERSONAL NAME
Personal name Stein, R. Conrad
245 ## - TITLE STATEMENT
Title The Declaration of Independence /
Statement of responsibility, etc. by R. Conrad Stein
260 ## - PUBLICATION, DISTRIBUTION, ETC.
Place of publication, distribution, etc. Chicago :
Name of publisher, distributor, etc. Chilidrens Press ;
Date of publication, distribution, etc. 1995 .
300 ## - PHYSICAL DESCRIPTION
Extent 30 pages :
Other physical details illustrations ;
Dimensions 25 cm .
490 ## - SERIES STATEMENT
Series statement Cornerstones of Freedom
505 ## - FORMATTED CONTENTS NOTE
Formatted contents note Z <br/>
520 ## - SUMMARY, ETC.
Summary, etc. Discusses the people responsible for the Declaration of Independence and what went into the writing of the document.
521 8# - TARGET AUDIENCE NOTE
Target audience note 920 <br/>
Source Lexile <br/>
521 8# - TARGET AUDIENCE NOTE
Target audience note Z <br/>
Source Raz-Plus <br/>
650 ## - SUBJECT ADDED ENTRY--TOPICAL TERM
Topical term or geographic name entry element United States. Declaration of Independence
Form subdivision Juvenile Literature
650 ## - SUBJECT ADDED ENTRY--TOPICAL TERM
Topical term or geographic name entry element United States - Politic and government-1775-1783
Form subdivision Juvenile Literature
942 ## - ADDED ENTRY ELEMENTS (KOHA)
Source of classification or shelving scheme Dewey Decimal Classification
Koha item type Books
Suppress in OPAC No
Holdings
Withdrawn status Lost status Source of classification or shelving scheme Damaged status Not for loan Collection Home library Current library Shelving location Date acquired Total Checkouts Full call number Barcode Date last seen Copy number Price effective from Koha item type
    Dewey Decimal Classification     Non-Fiction Footprints International School Library Network Toul Kork Campus Footprints International School Library Network Toul Kork Campus A TK Campus, 4th Floor, Room B401, Non-Fiction Bookcases(7-8) 04/22/2025   STE 973.313 E221.S74 FISTK05609 04/22/2025 2 04/22/2025 Books
    Dewey Decimal Classification     Non-Fiction Footprints International School Library Network Toul Kork Campus Footprints International School Library Network Toul Kork Campus A TK Campus, 4th Floor, Room B401, Non-Fiction Bookcases(7-8) 04/22/2025   STE 973.313 E221.S74 FISTK04822 04/22/2025 3 04/22/2025 Books
    Dewey Decimal Classification     Non-Fiction Footprints International School Library Network Toul Tom Poung Campus Footprints International School Library Network Toul Tom Poung Campus TTP Secondary Non-Fiction Bookshelves 11/18/2024   STE 973.313 E221.S74 FISSE00818 11/18/2024 1 11/18/2024 Books